Kožušnícka technológia pre 1. ročník SOU [stredné odborné učilište] učebného odboru kožušník /

Main Author: Steiner, Jindřich
Language: Slovak
Published: Bratislava : Alfa, 1986
Edition: 2.vyd.
Series: Edícia literatúry pre spotrebný priemysel (Alfa)
Physical Description: 237 s.
Book
Saved in:
LEADER 00866nam a2200241 a 4500
001 000425109
003 CZ BrMZK
005 19990305143423.0
007 ta
008 990305s1986 xo f slo d
040 |a BOA001  |b cze 
080 |a 675.6(075.3)  |2 MRF 
100 1 |a Steiner, Jindřich  |7 jk01121070  |4 aut 
245 1 0 |a Kožušnícka technológia pre 1. ročník SOU [stredné odborné učilište] učebného odboru kožušník /  |c Jindřich Steiner 
250 |a 2.vyd. 
260 |a Bratislava :  |b Alfa,  |c 1986 
300 |a 237 s. 
490 1 |a Edícia literatúry pre spotrebný priemysel 
765 0 |t Kožešnická technologie pro 1. ročník SOU 
830 0 |a Edícia literatúry pre spotrebný priemysel (Alfa) 
910 |a BOA001  |b 2-0895.512 
990 |a BK 
996 7 |b 2619779173  |c 2-0895.512  |l MZK  |r Sklad / do 1 hodiny  |n 2  |w 000425109  |u 000010  |a 1  |e BOA001  |j MZK50  |s A